书目信息 |
| 题名: |
基于高频GPS和强震仪观测实时监测地表形变
|
|
| 作者: | 涂锐 著 | |
| 分册: | ||
| 出版信息: | 北京 国防工业出版社 2017.04 |
|
| 页数: | 152页 | |
| 开本: | 24cm | |
| 丛书名: | ||
| 单 册: | ||
| 中图分类: | P227 | |
| 科图分类: | ||
| 主题词: | 地壳形变--监测--研究--英文 | |
| 电子资源: | ||
| ISBN: | 978-7-118-11135-4 | |
| 000 | 01165nam0 2200229 450 | |
| 001 | 363 | |
| 005 | 20180922090527.25 | |
| 010 | @a978-7-118-11135-4@dCNY98.00 | |
| 100 | @a20170905d2017 em y0chiy50 ea | |
| 101 | 0 | @aeng@gchi |
| 102 | @aCN@b110000 | |
| 105 | @aa z 000yy | |
| 200 | 1 | @a基于高频GPS和强震仪观测实时监测地表形变@9ji yu gao pin GPS he qiang zhen yi guan ce shi shi jian ce di biao xing bian@dReal time monitoring of ground-motion with observations of high-rate GPS and strong-motion@f涂锐著@zeng |
| 210 | @a北京@c国防工业出版社@d2017.04 | |
| 215 | @a152页@c图,照片@d24cm | |
| 330 | @a本书以组合处理的模型与算法介绍为主,主要涉及三个方面的内容:第一方面是多站组合增强模型,包括GPS增强模型、强震仪增强模型;第二方面是多传感器组合模型,包括松组合模型、紧组合模型、自适应组合模型等;第三方面是组合处理中关键技术问题、基线漂移与地表倾斜的关系以及传感器观测的特点分析等。 | |
| 510 | 1 | @aReal time monitoring of ground-motion with observations of high-rate GPS and strong-motion@zeng |
| 606 | 0 | @a地壳形变@x监测@x研究@j英文 |
| 690 | @aP227@v5 | |
| 701 | 0 | @a涂锐@9tu rui@f(1985-)@4著 |
| 801 | 0 | @aCN@b91MARC@c20170905 |
| 905 | @aMuseLib@dP227@e265 | |
| 基于高频GPS和强震仪观测实时监测地表形变=Real time monitoring of ground-motion with observations of high-rate GPS and strong-motion/涂锐著.-北京:国防工业出版社,2017.04 |
| 152页:图,照片;24cm |
| ISBN 978-7-118-11135-4:CNY98.00 |
| 本书以组合处理的模型与算法介绍为主,主要涉及三个方面的内容:第一方面是多站组合增强模型,包括GPS增强模型、强震仪增强模型;第二方面是多传感器组合模型,包括松组合模型、紧组合模型、自适应组合模型等;第三方面是组合处理中关键技术问题、基线漂移与地表倾斜的关系以及传感器观测的特点分析等。 |
| ● |
| 相关链接 |
|
|
|
|
正题名:基于高频GPS和强震仪观测实时监测地表形变
索取号:P227/265
 
预约/预借
| 序号 | 登录号 | 条形码 | 馆藏地/架位号 | 状态 | 备注 |
| 1 | 1119534 | 211195348 | 第二样本阅览室/ [索取号:P227/265] | 在馆 | |
| 2 | 1119535 | 211195357 | 第三借阅区/ [索取号:P227/265] | 在馆 | |
| 3 | 1119536 | 211195366 | 第三借阅区/ [索取号:P227/265] | 在馆 | |
| 4 | 1119537 | 211195375 | 第三借阅区/ [索取号:P227/265] | 在馆 | |
| 5 | 1119538 | 211195384 | 第三借阅区/ [索取号:P227/265] | 在馆 |